[Event "Championship Moscow 2015 Seniors rapid"]
[Site "?"]
[Date "2015.11.29"]
[Round "6.2"]
[White "Ageichenko, Genadi A"]
[Black "Bakhtin, Vladimir A."]
[Result "0-1"]
[BlackElo "2250"]
[WhiteElo "2219"]
[LiveChessVersion "1.4.6"]

1. e4 {[%clk 0:10:07]} e5 {[%clk 0:10:08]} 2. Nf3 {[%clk 0:10:10]} Nc6
{[%clk 0:10:06]} 3. Bb5 {[%clk 0:10:11]} Nf6 {[%clk 0:10:09]} 4. d3
{[%clk 0:10:11]} Bd6 {[%clk 0:08:28]} 5. c3 {[%clk 0:10:08]} O-O {[%clk 0:08:28]}
6. O-O {[%clk 0:10:09]} Re8 {[%clk 0:08:29]} 7. Nbd2 {[%clk 0:09:54]} Bf8
{[%clk 0:08:26]} 8. Re1 {[%clk 0:09:53]} d6 {[%clk 0:08:09]} 9. Nf1
{[%clk 0:09:53]} Bd7 {[%clk 0:07:45]} 10. Ng3 {[%clk 0:09:54]} g6
{[%clk 0:07:38]} 11. Ba4 {[%clk 0:09:39]} Bg7 {[%clk 0:07:39]} 12. b4
{[%clk 0:09:26]} Qe7 {[%clk 0:07:33]} 13. Bb3 {[%clk 0:09:26]} h6
{[%clk 0:06:48]} 14. h3 {[%clk 0:09:23]} Be6 {[%clk 0:06:51]} 15. Be3
{[%clk 0:09:09]} a6 {[%clk 0:06:41]} 16. Qd2 {[%clk 0:09:09]} Kh7
{[%clk 0:06:35]} 17. Rac1 {[%clk 0:09:11]} Bxb3 {[%clk 0:06:16]} 18. axb3
{[%clk 0:09:15]} d5 {[%clk 0:06:09]} 19. Qc2 {[%clk 0:06:43]} Rad8
{[%clk 0:06:00]} 20. Bd2 {[%clk 0:05:48]} dxe4 {[%clk 0:04:25]} 21. dxe4
{[%clk 0:05:49]} Rd7 {[%clk 0:03:39]} 22. Rcd1 {[%clk 0:05:52]} Red8
{[%clk 0:03:42]} 23. Be3 {[%clk 0:05:55]} Qe6 {[%clk 0:03:26]} 24. Rxd7
{[%clk 0:05:46]} Qxd7 {[%clk 0:03:23]} 25. Qe2 {[%clk 0:05:17]} Qd3
{[%clk 0:03:17]} 26. Qxd3 {[%clk 0:05:02]} Rxd3 {[%clk 0:03:20]} 27. Rc1
{[%clk 0:05:06]} Bf8 {[%clk 0:02:35]} 28. Kf1 {[%clk 0:05:08]} Rd7
{[%clk 0:01:55]} 29. Ke2 {[%clk 0:05:12]} Kg7 {[%clk 0:01:58]} 30. Nd2
{[%clk 0:05:08]} Ne8 {[%clk 0:01:43]} 31. Nc4 {[%clk 0:05:00]} f6
{[%clk 0:01:46]} 32. Nf1 {[%clk 0:04:58]} Kf7 {[%clk 0:01:45]} 33. Nfd2
{[%clk 0:05:00]} f5 {[%clk 0:01:33]} 34. f4 {[%clk 0:04:54]} exf4
{[%clk 0:01:22]} 35. Bxf4 {[%clk 0:04:57]} fxe4 {[%clk 0:01:23]} 36. Nxe4
{[%clk 0:04:54]} Re7 {[%clk 0:01:18]} 37. Kf3 {[%clk 0:04:55]} g5
{[%clk 0:01:21]} 38. Bh2 {[%clk 0:04:36]} b5 {[%clk 0:01:19]} 39. Ne3
{[%clk 0:04:33]} Ne5+ {[%clk 0:01:19]} 40. Bxe5 {[%clk 0:04:34]} Rxe5
{[%clk 0:01:23]} 41. Ra1 {[%clk 0:04:25]} Re6 {[%clk 0:01:27]} 42. Nf5
{[%clk 0:04:21]} Ng7 {[%clk 0:01:21]} 43. Nd4 {[%clk 0:04:16]} Rg6
{[%clk 0:01:14]} 44. Nc5 {[%clk 0:04:05]} Bxc5 {[%clk 0:01:09]} 45. bxc5
{[%clk 0:04:09]} Ne6 {[%clk 0:01:12]} 46. b4 {[%clk 0:03:47]} Rf6+
{[%clk 0:01:10]} 47. Ke3 {[%clk 0:03:34]} Nf4 {[%clk 0:01:13]} 48. Ra2
{[%clk 0:03:32]} Nd5+ {[%clk 0:01:14]} 49. Kd3 {[%clk 0:03:35]} Nf4+
{[%clk 0:01:11]} 50. Ke4 {[%clk 0:03:34]} Ne6 {[%clk 0:00:54]} 51. Nf5
{[%clk 0:03:25]} Nd8 {[%clk 0:00:34]} 52. g4 {[%clk 0:03:23]} Re6+
{[%clk 0:00:35]} 53. Kd3 {[%clk 0:03:23]} Nc6 {[%clk 0:00:36]} 54. Rf2
{[%clk 0:03:05]} Kg6 {[%clk 0:00:30]} 55. Ra2 {[%clk 0:03:05]} Ne5+
{[%clk 0:00:33]} 56. Kd4 {[%clk 0:03:07]} Nc4 {[%clk 0:00:37]} 57. Kd5
{[%clk 0:03:00]} Rf6 {[%clk 0:00:31]} 58. c6 {[%clk 0:02:56]} Nb6+
{[%clk 0:00:23]} 59. Kd4 {[%clk 0:02:55]} Na4 {[%clk 0:00:26]} 60. Re2
{[%clk 0:02:51]} h5 {[%clk 0:00:28]} 61. Re7 {[%clk 0:02:53]} hxg4
{[%clk 0:00:26]} 62. hxg4 {[%clk 0:02:57]} Rxc6 {[%clk 0:00:30]} 63. Rg7+
{[%clk 0:02:42]} Kf6 {[%clk 0:00:33]} 64. Rh7 {[%clk 0:02:46]} Rc4+
{[%clk 0:00:37]} 65. Kd3 {[%clk 0:02:49]} Rxc3+ {[%clk 0:00:41]} 66. Kd2
{[%clk 0:02:47]} Rc4 {[%clk 0:00:43]} 67. Rh6+ {[%clk 0:02:46]} Kf7
{[%clk 0:00:45]} 68. Rxa6 {[%clk 0:02:46]} Rxb4 {[%clk 0:00:49]} 69. Ra7
{[%clk 0:02:46]} Ke6 {[%clk 0:00:41]} 70. Rxc7 {[%clk 0:02:43]} Rxg4
{[%clk 0:00:45]} 71. Ne3 {[%clk 0:02:38]} Rd4+ {[%clk 0:00:49]} 72. Ke2
{[%clk 0:02:40]} g4 {[%clk 0:00:52]} 73. Rb7 {[%clk 0:02:40]} b4 {[%clk 0:00:54]}
74. Rg7 {[%clk 0:02:30]} Nc3+ {[%clk 0:00:56]} 75. Ke1 {[%clk 0:02:26]} b3
{[%clk 0:00:59]} 76. Rb7 {[%clk 0:02:27]} Re4 {[%clk 0:00:49]} 77. Kf2
{[%clk 0:02:22]} g3+ {[%clk 0:00:42]} 78. Kf3 {[%clk 0:02:26]} b2
{[%clk 0:00:41]} 79. Rb6+ {[%clk 0:02:16]} Ke5 {[%clk 0:00:40]} 80. Nc4+
{[%clk 0:01:59]} Rxc4 {[%clk 0:00:42]} 81. Rxb2 {[%clk 0:02:03]} Ne4
{[%clk 0:00:42]} 82. Rb8 {[%clk 0:01:56]} Rc3+ {[%clk 0:00:43]} 83. Kg2
{[%clk 0:02:00]} Rc2+ {[%clk 0:00:47]} 84. Kg1 {[%clk 0:02:04]} Kf4
{[%clk 0:00:49]} 85. Rf8+ {[%clk 0:02:04]} Ke3 {[%clk 0:00:53]} 86. Rf7
{[%clk 0:02:06]} Ng5 {[%clk 0:00:51]} 87. Re7+ {[%clk 0:02:04]} Kf3
{[%clk 0:00:55]} 0-1

[Event "Championship Moscow 2015 Seniors rapid"]
[Site "?"]
[Date "2015.11.29"]
[Round "6.3"]
[White "Hramtsov, Alexander"]
[Black "Balashov, Yuri S"]
[Result "0-1"]
[BlackElo "2385"]
[WhiteElo "2189"]
[LiveChessVersion "1.4.6"]

1. g3 {[%clk 0:10:08]} c5 {[%clk 0:10:05]} 2. Bg2 {[%clk 0:10:11]} Nc6
{[%clk 0:10:09]} 3. e4 {[%clk 0:10:14]} g6 {[%clk 0:10:06]} 4. c3
{[%clk 0:10:17]} Bg7 {[%clk 0:10:09]} 5. Ne2 {[%clk 0:10:20]} e5 {[%clk 0:10:10]}
6. d3 {[%clk 0:10:11]} Nge7 {[%clk 0:10:13]} 7. Be3 {[%clk 0:10:11]} d6
{[%clk 0:10:12]} 8. O-O {[%clk 0:10:04]} O-O {[%clk 0:10:10]} 9. f4
{[%clk 0:10:03]} f5 {[%clk 0:09:55]} 10. Nd2 {[%clk 0:10:05]} Be6
{[%clk 0:09:48]} 11. Nf3 {[%clk 0:10:05]} Kh8 {[%clk 0:09:47]} 12. fxe5
{[%clk 0:09:20]} dxe5 {[%clk 0:09:39]} 13. Bxc5 {[%clk 0:09:21]} Qc7
{[%clk 0:09:36]} 14. Qa4 {[%clk 0:08:01]} b6 {[%clk 0:09:33]} 15. Be3
{[%clk 0:07:59]} Rad8 {[%clk 0:09:30]} 16. Rad1 {[%clk 0:07:50]} h6
{[%clk 0:09:06]} 17. Nh4 {[%clk 0:07:30]} Bd7 {[%clk 0:08:36]} 18. Qb3
{[%clk 0:07:19]} fxe4 {[%clk 0:07:45]} 19. Bxe4 {[%clk 0:07:15]} g5
{[%clk 0:07:48]} 20. Ng2 {[%clk 0:06:44]} Nf5 {[%clk 0:07:40]} 21. Bxf5
{[%clk 0:06:23]} Bxf5 {[%clk 0:07:41]} 22. d4 {[%clk 0:06:03]} Bg4
{[%clk 0:07:33]} 23. Rxf8+ {[%clk 0:05:52]} Rxf8 {[%clk 0:07:36]} 24. Re1
{[%clk 0:05:43]} Bxe2 {[%clk 0:07:06]} 25. Rxe2 {[%clk 0:05:44]} exd4
{[%clk 0:07:09]} 26. cxd4 {[%clk 0:04:55]} Nxd4 {[%clk 0:07:09]} 27. Bxd4
{[%clk 0:04:46]} Bxd4+ {[%clk 0:07:08]} 0-1

[Event "Championship Moscow 2015 Seniors rapid"]
[Site "?"]
[Date "2015.11.29"]
[Round "6.4"]
[White "Voevodin, Vladimir"]
[Black "Tchernyi, Viktor"]
[Result "1-0"]
[BlackElo "2249"]
[WhiteElo "2323"]
[LiveChessVersion "1.4.6"]

1. e4 {[%clk 0:10:09]} e5 {[%clk 0:09:45]} 2. Nf3 {[%clk 0:10:12]} Nc6
{[%clk 0:09:49]} 3. Bc4 {[%clk 0:10:16]} Bc5 {[%clk 0:09:52]} 4. b4
{[%clk 0:10:14]} Bxb4 {[%clk 0:09:54]} 5. c3 {[%clk 0:10:18]} Be7
{[%clk 0:09:51]} 6. d4 {[%clk 0:10:22]} Na5 {[%clk 0:09:28]} 7. Be2
{[%clk 0:10:22]} exd4 {[%clk 0:07:02]} 8. Qxd4 {[%clk 0:10:24]} d6
{[%clk 0:03:53]} 9. Qxg7 {[%clk 0:10:21]} Bf6 {[%clk 0:03:57]} 10. Qg3
{[%clk 0:09:49]} Ne7 {[%clk 0:03:49]} 11. Bg5 {[%clk 0:09:05]} Ng6
{[%clk 0:02:32]} 12. O-O {[%clk 0:08:47]} h6 {[%clk 0:02:03]} 13. Bxf6 Qxf6
{[%clk 0:02:07]} 14. Nbd2 {[%clk 0:08:00]} Qf4 {[%clk 0:02:03]} 15. Nb3
{[%clk 0:07:53]} Nxb3 {[%clk 0:01:49]} 16. axb3 {[%clk 0:07:56]} Qxg3
{[%clk 0:01:53]} 17. hxg3 {[%clk 0:07:59]} Ke7 {[%clk 0:01:42]} 18. Nd4
{[%clk 0:07:59]} Bd7 {[%clk 0:01:38]} 19. f4 {[%clk 0:08:00]} a6 {[%clk 0:01:06]}
20. Bf3 {[%clk 0:07:59]} Rab8 {[%clk 0:00:58]} 21. Rfe1 {[%clk 0:07:45]} Kf6
{[%clk 0:00:55]} 22. Rad1 {[%clk 0:07:47]} Rhe8 23. Kf2 {[%clk 0:07:48]} Re7
{[%clk 0:00:54]} 24. Rh1 {[%clk 0:07:45]} Kg7 {[%clk 0:00:54]} 25. Nf5+
{[%clk 0:07:34]} Bxf5 {[%clk 0:00:57]} 26. exf5 {[%clk 0:07:38]} Nf8
{[%clk 0:00:50]} 27. Rh4 {[%clk 0:07:35]} Nd7 {[%clk 0:00:49]} 28. Rdh1
{[%clk 0:07:33]} Rh8 {[%clk 0:00:34]} 29. Bxb7 {[%clk 0:07:29]} Nc5
{[%clk 0:00:30]} 30. Bd5 {[%clk 0:07:28]} Nd3+ {[%clk 0:00:11]} 31. Kf3
{[%clk 0:07:06]} Re1 {[%clk 0:00:06]} 32. Bc4 {[%clk 0:07:00]} Rxh1
{[%clk 0:00:00]} 33. Rxh1 {[%clk 0:07:00]} Nc5 {[%clk 0:00:00]} 1-0

[Event "Championship Moscow 2015 Seniors rapid"]
[Site "?"]
[Date "2015.11.29"]
[Round "6.5"]
[White "Shvedchikov, Anatoli I."]
[Black "Melnik, Sergey"]
[Result "1-0"]
[BlackElo "2104"]
[WhiteElo "2293"]
[LiveChessVersion "1.4.6"]

1. c4 c5 {[%clk 0:10:04]} 2. Nf3 {[%clk 0:10:08]} Nf6 {[%clk 0:10:08]} 3. Nc3
{[%clk 0:10:10]} Nc6 {[%clk 0:10:03]} 4. d4 {[%clk 0:10:13]} cxd4
{[%clk 0:09:51]} 5. Nxd4 {[%clk 0:10:16]} e6 {[%clk 0:08:54]} 6. Ndb5
{[%clk 0:09:38]} d6 {[%clk 0:08:20]} 7. Bf4 {[%clk 0:09:34]} e5 {[%clk 0:08:10]}
8. Bg5 {[%clk 0:09:37]} a6 {[%clk 0:08:12]} 9. Bxf6 {[%clk 0:09:37]} gxf6
{[%clk 0:08:13]} 10. Na3 {[%clk 0:09:41]} f5 {[%clk 0:07:04]} 11. e3
{[%clk 0:09:41]} Be6 {[%clk 0:06:27]} 12. Be2 {[%clk 0:09:34]} Qg5
{[%clk 0:06:02]} 13. g3 {[%clk 0:09:21]} Rd8 {[%clk 0:05:59]} 14. Nd5
{[%clk 0:08:59]} Bxd5 {[%clk 0:05:41]} 15. cxd5 {[%clk 0:08:33]} Ne7
{[%clk 0:05:34]} 16. Qa4+ {[%clk 0:08:30]} Rd7 {[%clk 0:05:28]} 17. Rc1
{[%clk 0:08:14]} f4 {[%clk 0:04:54]} 18. Nb5 {[%clk 0:06:08]} axb5
{[%clk 0:04:08]} 19. Bxb5 {[%clk 0:06:06]} Nxd5 {[%clk 0:02:43]} 20. Bxd7+
{[%clk 0:04:56]} Ke7 {[%clk 0:02:47]} 21. Bh3 {[%clk 0:04:28]} fxe3
{[%clk 0:02:28]} 22. Qd7+ {[%clk 0:04:17]} Kf6 {[%clk 0:02:30]} 23. Qd8+
{[%clk 0:03:49]} Kg6 {[%clk 0:01:52]} 24. Qxg5+ {[%clk 0:03:48]} Kxg5
{[%clk 0:01:56]} 25. Rc8 {[%clk 0:03:32]} Bg7 {[%clk 0:01:31]} 26. Rxh8
{[%clk 0:03:32]} Bxh8 {[%clk 0:01:36]} 27. fxe3 {[%clk 0:03:20]} Nxe3
{[%clk 0:01:31]} 28. Ke2 {[%clk 0:03:18]} Nc2 {[%clk 0:01:29]} 29. Bg2
{[%clk 0:02:57]} b5 {[%clk 0:01:22]} 30. Kd3 {[%clk 0:02:50]} Nd4
{[%clk 0:01:25]} 31. h3 {[%clk 0:02:06]} f5 {[%clk 0:01:27]} 32. g4
{[%clk 0:02:08]} e4+ {[%clk 0:01:10]} 33. Kd2 {[%clk 0:01:33]} d5
{[%clk 0:01:08]} 34. gxf5 {[%clk 0:01:36]} Kxf5 {[%clk 0:01:09]} 35. Rf1+
{[%clk 0:01:39]} Kg5 {[%clk 0:00:57]} 36. Rf7 {[%clk 0:01:41]} Nf5
{[%clk 0:00:34]} 37. Rd7 {[%clk 0:01:41]} e3+ {[%clk 0:00:17]} 38. Kd3
{[%clk 0:01:46]} d4 {[%clk 0:00:15]} 39. Rd5 {[%clk 0:01:38]} Kf4
{[%clk 0:00:16]} 40. Rxb5 {[%clk 0:01:38]} Nh4 {[%clk 0:00:12]} 41. Bc6
{[%clk 0:01:15]} Ng6 {[%clk 0:00:12]} 42. a4 {[%clk 0:00:52]} Ne5+
{[%clk 0:00:15]} 43. Rxe5 {[%clk 0:00:55]} Kxe5 {[%clk 0:00:16]} 44. b4
{[%clk 0:00:52]} Kd6 {[%clk 0:00:19]} 45. Be4 {[%clk 0:00:56]} Bf6
{[%clk 0:00:21]} 46. a5 {[%clk 0:01:00]} h6 {[%clk 0:00:23]} 47. Bf3
{[%clk 0:01:00]} Kc7 {[%clk 0:00:26]} 48. Kc4 {[%clk 0:01:04]} Be7
{[%clk 0:00:29]} 49. b5 {[%clk 0:01:08]} Bb4 {[%clk 0:00:30]} 50. b6+
{[%clk 0:01:11]} Kb8 {[%clk 0:00:33]} 51. a6 {[%clk 0:01:15]} 1-0

[Event "Championship Moscow 2015 Seniors rapid"]
[Site "?"]
[Date "2015.11.29"]
[Round "6.6"]
[White "Kuindzhy, Alexander"]
[Black "Lyubimov, Anatoly"]
[Result "0-1"]
[BlackElo "2147"]
[WhiteElo "2317"]
[LiveChessVersion "1.4.6"]

1. e4 {[%clk 0:10:08]} g6 {[%clk 0:10:08]} 2. d4 {[%clk 0:10:09]} Bg7
{[%clk 0:10:07]} 3. c3 {[%clk 0:10:13]} d5 {[%clk 0:10:10]} 4. exd5
{[%clk 0:10:16]} Qxd5 {[%clk 0:10:11]} 5. Be2 {[%clk 0:10:16]} Nf6
{[%clk 0:09:16]} 6. Bf3 {[%clk 0:10:17]} Qd8 {[%clk 0:08:51]} 7. Ne2
{[%clk 0:09:49]} c6 {[%clk 0:08:21]} 8. O-O {[%clk 0:09:44]} Bg4 {[%clk 0:08:10]}
9. Bxg4 {[%clk 0:09:39]} Nxg4 {[%clk 0:08:14]} 10. h3 {[%clk 0:09:20]} Nf6
{[%clk 0:08:15]} 11. Bf4 {[%clk 0:09:16]} O-O {[%clk 0:08:03]} 12. Nd2
{[%clk 0:09:11]} Nbd7 {[%clk 0:07:40]} 13. Re1 {[%clk 0:09:00]} c5
{[%clk 0:07:14]} 14. Nf3 {[%clk 0:08:50]} Re8 {[%clk 0:06:46]} 15. Qb3
{[%clk 0:08:21]} Qb6 {[%clk 0:05:58]} 16. Ne5 {[%clk 0:07:57]} Qxb3
{[%clk 0:05:22]} 17. axb3 {[%clk 0:08:00]} a6 {[%clk 0:04:58]} 18. dxc5
{[%clk 0:07:25]} Nxc5 {[%clk 0:04:51]} 19. b4 {[%clk 0:07:29]} Ncd7
{[%clk 0:04:43]} 20. Rad1 {[%clk 0:06:35]} Nxe5 {[%clk 0:03:29]} 21. Bxe5
{[%clk 0:06:37]} Rad8 {[%clk 0:03:18]} 22. Nf4 {[%clk 0:05:47]} e6
{[%clk 0:03:01]} 23. g4 {[%clk 0:05:02]} h6 {[%clk 0:02:39]} 24. Kg2
{[%clk 0:04:38]} Nd5 {[%clk 0:00:29]} 25. Nxd5 {[%clk 0:03:40]} exd5
{[%clk 0:00:32]} 26. Bxg7 {[%clk 0:02:57]} Rxe1 {[%clk 0:00:36]} 27. Rxe1
{[%clk 0:03:00]} Kxg7 {[%clk 0:00:40]} 28. Kf3 {[%clk 0:00:55]} Kf6
{[%clk 0:00:36]} 29. Re2 {[%clk 0:00:46]} Rd7 {[%clk 0:00:18]} 30. Kf4
{[%clk 0:00:27]} g5+ {[%clk 0:00:17]} 31. Ke3 {[%clk 0:00:26]} d4+
{[%clk 0:00:11]} 32. cxd4 {[%clk 0:00:28]} Ke6 {[%clk 0:00:12]} 33. Rc2
{[%clk 0:00:20]} Kd6 {[%clk 0:00:16]} 34. Rc5 {[%clk 0:00:19]} Re7+
{[%clk 0:00:20]} 35. Kd3 {[%clk 0:00:16]} Re1 {[%clk 0:00:24]} 36. Rf5
{[%clk 0:00:19]} Ke6 {[%clk 0:00:28]} 37. d5+ {[%clk 0:00:21]} Ke7
{[%clk 0:00:30]} 38. Kd4 {[%clk 0:00:14]} f6 {[%clk 0:00:34]} 39. Kc5
{[%clk 0:00:14]} Rb1 {[%clk 0:00:37]} 40. d6+ {[%clk 0:00:14]} Ke6
{[%clk 0:00:40]} 41. Rf3 {[%clk 0:00:17]} Rxb2 {[%clk 0:00:42]} 42. Re3+
{[%clk 0:00:21]} Kd7 {[%clk 0:00:46]} 43. Re7+ {[%clk 0:00:24]} Kc8
{[%clk 0:00:50]} 44. Rc7+ {[%clk 0:00:19]} Kd8 {[%clk 0:00:54]} 45. Kb6
{[%clk 0:00:22]} Rxb4+ {[%clk 0:00:58]} 46. Ka7 {[%clk 0:00:25]} b5 47. Kb7
{[%clk 0:00:27]} Rc4 {[%clk 0:01:05]} 48. Rh7 {[%clk 0:00:29]} b4
{[%clk 0:01:09]} 49. Rxh6 {[%clk 0:00:30]} b3 {[%clk 0:01:12]} 50. Kxa6
{[%clk 0:00:22]} b2 {[%clk 0:01:15]} 51. Rh8+ {[%clk 0:00:26]} Kd7
{[%clk 0:01:19]} 52. Rb8 {[%clk 0:00:30]} Ra4+ {[%clk 0:01:21]} 0-1

[Event "Championship Moscow 2015 Seniors rapid"]
[Site "?"]
[Date "2015.11.29"]
[Round "6.7"]
[White "Archangelsky, Mikhail"]
[Black "Bogumil, Pavel"]
[Result "1/2-1/2"]
[BlackElo "2211"]
[WhiteElo "2080"]
[LiveChessVersion "1.4.6"]

1. d4 {[%clk 0:10:07]} Nf6 {[%clk 0:10:00]} 2. Bf4 {[%clk 0:10:09]} d6
{[%clk 0:09:56]} 3. Nc3 {[%clk 0:10:11]} Nbd7 {[%clk 0:09:59]} 4. Nf3
{[%clk 0:10:14]} c5 {[%clk 0:08:51]} 5. d5 {[%clk 0:09:54]} g6 {[%clk 0:08:51]}
6. e4 {[%clk 0:09:48]} Bg7 {[%clk 0:08:47]} 7. a4 {[%clk 0:09:05]} O-O
{[%clk 0:08:23]} 8. Be2 {[%clk 0:09:00]} a6 {[%clk 0:07:50]} 9. O-O
{[%clk 0:08:54]} Qc7 {[%clk 0:07:33]} 10. Re1 {[%clk 0:08:39]} b6
{[%clk 0:06:12]} 11. h3 {[%clk 0:08:21]} Rb8 {[%clk 0:06:03]} 12. Bf1
{[%clk 0:07:57]} Ne5 {[%clk 0:05:54]} 13. Be2 {[%clk 0:07:01]} Ne8
{[%clk 0:05:17]} 14. Nd2 {[%clk 0:06:33]} Bb7 {[%clk 0:04:57]} 15. Be3
{[%clk 0:06:22]} Nd7 {[%clk 0:04:12]} 16. Nc4 {[%clk 0:06:07]} Ne5
{[%clk 0:04:01]} 17. Qd2 {[%clk 0:05:51]} Nxc4 {[%clk 0:03:45]} 18. Bxc4
{[%clk 0:05:53]} Nf6 {[%clk 0:03:30]} 19. Bh6 {[%clk 0:05:46]} Rfe8
{[%clk 0:03:27]} 20. Bxg7 {[%clk 0:05:46]} Kxg7 {[%clk 0:03:31]} 21. Qe2
{[%clk 0:05:04]} Ra8 {[%clk 0:02:59]} 22. e5 {[%clk 0:04:55]} dxe5
{[%clk 0:02:42]} 23. Qxe5 {[%clk 0:04:58]} Qxe5 {[%clk 0:02:44]} 24. Rxe5
{[%clk 0:05:01]} Rad8 {[%clk 0:02:39]} 25. Rae1 {[%clk 0:04:46]} Kf8
{[%clk 0:02:40]} 26. g4 {[%clk 0:03:50]} h6 {[%clk 0:02:40]} 27. f4
{[%clk 0:03:52]} Rd7 {[%clk 0:02:02]} 28. Kf2 {[%clk 0:03:36]} Red8
{[%clk 0:01:55]} 29. Kg3 {[%clk 0:03:17]} Nxd5 {[%clk 0:01:10]} 30. Nxd5
{[%clk 0:03:11]} Bxd5 {[%clk 0:01:14]} 31. Bxa6 {[%clk 0:02:25]} Bc6
{[%clk 0:00:53]} 32. b3 {[%clk 0:02:17]} e6 {[%clk 0:00:53]} 33. Bd3
{[%clk 0:02:05]} Rd4 {[%clk 0:00:34]} 34. f5 {[%clk 0:01:54]} gxf5
{[%clk 0:00:14]} 35. gxf5 {[%clk 0:01:56]} exf5 {[%clk 0:00:15]} 36. Rxf5
{[%clk 0:01:51]} R8d6 {[%clk 0:00:12]} 37. Ref1 {[%clk 0:01:42]} Rg6+
{[%clk 0:00:14]} 38. Kf2 {[%clk 0:01:30]} Rg2+ {[%clk 0:00:15]} 39. Ke3
{[%clk 0:01:33]} Rd7 {[%clk 0:00:19]} 40. Rf6 {[%clk 0:00:53]} Re7+
{[%clk 0:00:14]} 41. Kf4 {[%clk 0:00:56]} Re6 {[%clk 0:00:10]} 42. Rxe6
{[%clk 0:00:48]} fxe6 {[%clk 0:00:14]} 43. Ke5+ {[%clk 0:00:26]} Ke7
{[%clk 0:00:19]} 44. h4 {[%clk 0:00:23]} Rg3 {[%clk 0:00:16]} 45. Kf4
{[%clk 0:00:15]} Rf3+ 46. Ke3 Kf7+ 1/2-1/2

[Event "Championship Moscow 2015 Seniors rapid"]
[Site "?"]
[Date "2015.11.29"]
[Round "6.8"]
[White "Tsarev, Valery"]
[Black "Frumson, Yury"]
[Result "1-0"]
[BlackElo "2049"]
[WhiteElo "2270"]
[LiveChessVersion "1.4.6"]

1. Nf3 {[%clk 0:10:07]} Nf6 {[%clk 0:10:09]} 2. c4 {[%clk 0:10:11]} e6
{[%clk 0:10:13]} 3. g3 {[%clk 0:10:12]} d5 {[%clk 0:10:17]} 4. b3
{[%clk 0:10:06]} Be7 {[%clk 0:10:18]} 5. Bb2 {[%clk 0:10:10]} O-O
{[%clk 0:10:21]} 6. Bg2 {[%clk 0:10:14]} c5 {[%clk 0:10:24]} 7. O-O
{[%clk 0:10:11]} d4 {[%clk 0:10:28]} 8. e3 {[%clk 0:10:11]} Nc6 {[%clk 0:10:32]}
9. exd4 {[%clk 0:10:15]} cxd4 {[%clk 0:10:36]} 10. d3 {[%clk 0:10:15]} e5
{[%clk 0:10:36]} 11. a3 {[%clk 0:10:15]} a5 {[%clk 0:10:40]} 12. Nbd2
{[%clk 0:10:19]} Re8 {[%clk 0:10:38]} 13. Re1 {[%clk 0:10:17]} Bd6
{[%clk 0:10:38]} 14. Qc2 {[%clk 0:10:16]} h6 {[%clk 0:10:38]} 15. c5
{[%clk 0:10:15]} Bc7 {[%clk 0:10:27]} 16. Rec1 {[%clk 0:10:02]} Bf5
{[%clk 0:10:26]} 17. Ne1 {[%clk 0:09:54]} Qd7 {[%clk 0:09:55]} 18. Ne4
{[%clk 0:09:51]} Nxe4 {[%clk 0:09:49]} 19. Bxe4 {[%clk 0:09:54]} Be6
{[%clk 0:09:40]} 20. Qd2 {[%clk 0:09:39]} Bxb3 {[%clk 0:09:20]} 21. Bg2
{[%clk 0:09:35]} Bd5 {[%clk 0:09:13]} 22. Qe2 {[%clk 0:09:22]} Bxg2
{[%clk 0:08:54]} 23. Kxg2 {[%clk 0:09:25]} f5 {[%clk 0:08:58]} 24. f3
{[%clk 0:09:22]} Qd5 {[%clk 0:08:57]} 25. Qc2 {[%clk 0:09:22]} e4
{[%clk 0:08:57]} 26. fxe4 {[%clk 0:09:13]} fxe4 {[%clk 0:09:00]} 27. Qc4
{[%clk 0:09:16]} Qxc4 {[%clk 0:09:01]} 28. Rxc4 {[%clk 0:09:20]} exd3
{[%clk 0:09:05]} 29. Nxd3 {[%clk 0:09:22]} Re2+ {[%clk 0:09:02]} 30. Kh3
{[%clk 0:09:18]} Rd2 {[%clk 0:09:00]} 31. Bxd4 {[%clk 0:09:07]} Rxd3
{[%clk 0:09:02]} 32. Bg1 {[%clk 0:09:03]} Rxg3+ {[%clk 0:09:04]} 33. hxg3
{[%clk 0:09:06]} Rd8 {[%clk 0:09:01]} 34. Rb1 {[%clk 0:09:06]} Rd3
{[%clk 0:09:02]} 35. Bf2 {[%clk 0:08:41]} Ne5 {[%clk 0:08:39]} 36. Rd4
{[%clk 0:08:33]} Rf3 {[%clk 0:08:14]} 37. Rxb7 {[%clk 0:07:53]} Rxf2
{[%clk 0:08:12]} 38. Rxc7 {[%clk 0:07:57]} Nf7 {[%clk 0:08:16]} 39. Rdd7
{[%clk 0:07:38]} Ng5+ {[%clk 0:08:17]} 40. Kg4 {[%clk 0:07:42]} Ne6
{[%clk 0:08:21]} 41. Rc6 {[%clk 0:07:28]} Rf6 {[%clk 0:08:24]} 42. Rc8+
{[%clk 0:07:12]} Kh7 {[%clk 0:08:28]} 43. c6 {[%clk 0:07:15]} Nc5
{[%clk 0:07:54]} 44. Rd5 {[%clk 0:07:04]} Ne4 {[%clk 0:07:44]} 45. c7
{[%clk 0:06:46]} Nf2+ {[%clk 0:07:46]} 46. Kh4 {[%clk 0:06:44]} g5+
{[%clk 0:07:36]} 47. Kh5 {[%clk 0:06:46]} Ne4 {[%clk 0:07:36]} 48. Rd7+ 1-0

[Event "Championship Moscow 2015 Seniors rapid"]
[Site "?"]
[Date "2015.11.29"]
[Round "6.9"]
[White "Zilbert, Oleg"]
[Black "Kolbanov, Veniamin M."]
[Result "0-1"]
[BlackElo "2124"]
[WhiteElo "2357"]
[LiveChessVersion "1.4.6"]

1. e4 {[%clk 0:10:09]} c5 {[%clk 0:10:10]} 2. Nf3 {[%clk 0:10:12]} e6
{[%clk 0:10:11]} 3. g3 {[%clk 0:10:15]} Nc6 {[%clk 0:09:55]} 4. Bg2
{[%clk 0:10:18]} Nf6 {[%clk 0:09:49]} 5. d3 {[%clk 0:10:21]} d5 {[%clk 0:09:11]}
6. Nbd2 {[%clk 0:10:24]} Qc7 {[%clk 0:09:04]} 7. O-O {[%clk 0:10:25]} Be7
{[%clk 0:09:08]} 8. Re1 {[%clk 0:09:26]} O-O {[%clk 0:08:47]} 9. Nf1
{[%clk 0:08:47]} dxe4 {[%clk 0:07:29]} 10. dxe4 {[%clk 0:08:49]} Rd8
{[%clk 0:07:33]} 11. Qe2 {[%clk 0:08:42]} Nd4 {[%clk 0:07:20]} 12. Nxd4
{[%clk 0:08:46]} cxd4 {[%clk 0:07:24]} 13. e5 {[%clk 0:08:40]} Nd7
{[%clk 0:07:08]} 14. h4 {[%clk 0:08:37]} a5 {[%clk 0:05:38]} 15. Bf4
{[%clk 0:08:28]} a4 {[%clk 0:05:01]} 16. a3 {[%clk 0:08:09]} Ra5 {[%clk 0:04:48]}
17. Nh2 {[%clk 0:08:09]} b6 {[%clk 0:04:36]} 18. Rad1 {[%clk 0:07:43]} Nc5
{[%clk 0:04:02]} 19. Nf3 {[%clk 0:07:03]} Ba6 {[%clk 0:03:56]} 20. Qd2
{[%clk 0:06:57]} d3 {[%clk 0:03:53]} 21. Bg5 {[%clk 0:06:50]} Rd5
{[%clk 0:02:40]} 22. Bxe7 {[%clk 0:06:45]} Qxe7 {[%clk 0:02:19]} 23. Ng5
{[%clk 0:06:42]} Rd7 {[%clk 0:02:14]} 24. cxd3 {[%clk 0:05:46]} Bxd3
{[%clk 0:02:03]} 25. Qf4 {[%clk 0:05:25]} Raa7 {[%clk 0:00:44]} 26. Nf3
{[%clk 0:05:11]} Qd8 {[%clk 0:00:33]} 27. h5 {[%clk 0:05:05]} h6 {[%clk 0:00:35]}
28. g4 {[%clk 0:05:07]} Bc2 {[%clk 0:00:25]} 29. Rxd7 {[%clk 0:03:55]} Rxd7
{[%clk 0:00:29]} 30. g5 {[%clk 0:03:55]} Nd3 {[%clk 0:00:24]} 31. Qg3
{[%clk 0:03:48]} Nxe1 {[%clk 0:00:26]} 32. gxh6 {[%clk 0:03:52]} Nxf3+
{[%clk 0:00:29]} 33. Bxf3 {[%clk 0:03:55]} Qf8 {[%clk 0:00:23]} 34. Bc6
{[%clk 0:03:48]} Rd1+ {[%clk 0:00:19]} 35. Kg2 {[%clk 0:03:48]} Kh8
{[%clk 0:00:20]} 36. Qc3 {[%clk 0:03:43]} Bb3 {[%clk 0:00:19]} 37. Bf3
{[%clk 0:03:45]} gxh6 {[%clk 0:00:19]} 38. Bxd1 {[%clk 0:03:48]} Bxd1
{[%clk 0:00:21]} 39. Qd4 {[%clk 0:03:48]} Bb3 {[%clk 0:00:15]} 40. f4
{[%clk 0:03:33]} Qa8+ 41. Kg3 {[%clk 0:03:20]} Bd5 {[%clk 0:00:11]} 42. f5
{[%clk 0:03:04]} Qg8+ 43. Kh3 {[%clk 0:03:00]} Qg5 {[%clk 0:00:14]} 44. f6
{[%clk 0:02:59]} Qxh5+ {[%clk 0:00:13]} 45. Kg3 {[%clk 0:02:58]} Qg5+
{[%clk 0:00:17]} 46. Kf2 {[%clk 0:02:56]} Qg2+ {[%clk 0:00:18]} 47. Ke3
{[%clk 0:02:54]} Qg1+ {[%clk 0:00:19]} 48. Kd3 {[%clk 0:02:57]} Qxd4+ 49. Kxd4
{[%clk 0:03:01]} h5 {[%clk 0:00:27]} 50. Ke3 {[%clk 0:03:03]} Kh7
{[%clk 0:00:29]} 51. Kf4 {[%clk 0:03:06]} Kg6 {[%clk 0:00:34]} 0-1